| 000 | 00615nmc a2200253 a 4500 | ||
|---|---|---|---|
| 003 | AR-BaBNM | ||
| 005 | 20251128210630.0 | ||
| 008 | 180020s2000 ||||||||||||||000 | spa|| | ||
| 020 | _a84-249-2460-6 | ||
| 040 | _cAR-BaBNM | ||
| 100 | 0 | _aHomero | |
| 245 | 1 | 0 | _aIlíada |
| 260 |
_aMadrid _bGredos _c2000 |
||
| 300 | 1 | _axxxviii, 516 p. | |
| 490 | 0 |
_aBiblioteca básica Gredos _vv. 1 |
|
| 650 | 4 | _aLITERATURA GRIEGA | |
| 650 | 4 | _aLITERATURA CLASICA | |
| 650 | 4 | _aMITOLOGIA | |
| 653 | 0 | _aEPICA | |
| 655 | _aLITERATURA | ||
| 700 | 1 |
_aCrespo Güemes, Emilio _eprologuista |
|
| 942 | _cBK | ||
| 998 | _cMARTIN | ||
| 999 |
_c16263 _d16263 |
||